Integrated rural development programme in Delhi-union territory: an evaluation (Record no. 475775)

000 -LEADER
fixed length control field 00480cam a22001337a 4500
008 - FIXED-LENGTH DATA ELEMENTS--GENERAL INFORMATION
fixed length control field 180718b1984 xxu||||| |||| 00| 0 eng d
082 ## - DEWEY DECIMAL CLASSIFICATION NUMBER
Classification number B136x5461 In2
100 ## - MAIN ENTRY--PERSONAL NAME
Personal name Sudan, M.L.
245 ## - TITLE STATEMENT
Title Integrated rural development programme in Delhi-union territory: an evaluation
Statement of responsibility, etc. by M.L. Sudan and M. Lakshiwaramma
260 ## - PUBLICATION, DISTRIBUTION, ETC.
Place of publication, distribution, etc. New Delhi
Name of publisher, distributor, etc. Indian Institute of Public Administration
Date of publication, distribution, etc. 1984
300 ## - PHYSICAL DESCRIPTION
Extent 158p.
650 ## - SUBJECT ADDED ENTRY--TOPICAL TERM
Topical term or geographic name entry element Rural development - Delhi - India.
700 ## - ADDED ENTRY--PERSONAL NAME
Personal name Lakshiwaramma, M.
Holdings
Withdrawn status Lost status Damaged status Not for loan Permanent Location Current Location Date acquired Full call number Barcode Date last seen Price effective from Koha item type
        Indian Institute of Public Administration Indian Institute of Public Administration 2018-08-04 B136x5461 In2 GR16217 2018-08-04 2018-08-04 GR
        Indian Institute of Public Administration Indian Institute of Public Administration 2018-08-04 B136x5461 In2 GR15811 2018-08-04 2018-08-04 GR
        Indian Institute of Public Administration Indian Institute of Public Administration 2018-08-04 B136x5461 In2 GR11589 2018-08-04 2018-08-04 GR

Powered by Koha